Seguimos teniendo esperanza /
Uloženo v:
| Hlavní autor: | |
|---|---|
| Médium: | Text |
| Tagy: |
Přidat tag
Žádné tagy, Buďte první, kdo vytvoří štítek k tomuto záznamu!
|
MARC
| LEADER | 00000 a a2200000 04500 | ||
|---|---|---|---|
| 001 | 5144 | ||
| 003 | |||
| 040 | |||
| 100 | |a Montoya, Aquiles | ||
| 245 | |a Seguimos teniendo esperanza / |c Aquiles Montoya | ||
| 773 | |g volumen 44, número 612; páginas 877-891 | ||
| 999 | |c 20814 |d 20814 | ||
